Vplyv vetra na výškové budovy

Guardado en:
Detalles Bibliográficos
Autor principal: Mesiar, Martin (Autor)
Otros Autores: Jendželovský, Norbert (Orientador)
Formato: Manuscrito Libro
Lenguaje:eslovaco
Publicado: 2015
Materias:
Acceso en línea:http://is.stuba.sk/zp/portal_zp.pl?podrobnosti=109284
https://opac.crzp.sk/?fn=detailBiblioForm&sid=78283B71680DBAF21841D41D22D4
Etiquetas: Agregar Etiqueta
Sin Etiquetas, Sea el primero en etiquetar este registro!

MARC

LEADER 00000ntm a22000003a 4500
001 stuzp51711
003 SK-STU
005 20231025145158.3
007 ta
008 150427s2015----xo-----f-mn---000-0-slo-d
040 |a STU  |b slo 
041 0 |a slo 
100 1 |a Mesiar, Martin  |u 010250  |4 aut  |U SvF Stavebná fakulta  |T SvF Katedra stavebnej mechaniky  |X 7446  |U V250  |Y 26  |7 A000007446 
242 0 1 |a Wind effect on high-rise buildings  |y eng 
245 1 0 |a Vplyv vetra na výškové budovy 
260 |c 2015 
650 4 |a koeficient tlaku  |2 slo 
650 4 |a zaťaženie vetrom  |2 slo 
650 4 |a prúdenie tekutín  |2 slo 
650 4 |a modelovanie turbulencie  |2 slo 
650 4 |a turbulence modelling  |2 eng 
650 4 |a wind load  |2 eng 
650 4 |a pressure coefficient  |2 eng 
650 4 |a fluid flow  |2 eng 
700 1 |a Jendželovský, Norbert  |4 ths  |X 880  |7 A000000880 
856 4 |u http://is.stuba.sk/zp/portal_zp.pl?podrobnosti=109284 
856 4 |u https://opac.crzp.sk/?fn=detailBiblioForm&sid=78283B71680DBAF21841D41D22D4 
SQL |a stuzp51711  |b DDP  |c SLO  |d Vplyv vetra na výškové budovy  |e 7446  |f Mesiar, Martin  |g 010250  |h 880  |i Jendželovský, Norbert  |j 20150617  |k 15  |l 01  |m http://is.stuba.sk/zp/portal_zp.pl?podrobnosti=109284  |n I-MPM  |o 9.1.9. aplikovaná matematika